000 00670cam a2200205 a 4500
001 000009188
005 20200929161519.0
008 930720s1988 pe 001 faspa
040 _aDO-SdBNP
_cDLC
082 _a863.3
_bE65h
100 1 _aErauso, Catalina de,
_d1592-1650
_923863
245 1 0 _aHistoria de la Monja Alférez /
_cCatalina de Erauso.
260 _aLima, Perú :
_bParamonga ;
_bBiblioteca Nacional del Perú,
_cc1988.
300 _a102 p. ;
_c21 cm.
490 1 _aPerulibros
650 4 _aNovela española
_xBiography.
_923864
650 4 _aLiteratura española
_ySIGLO XVII
_915578
830 0 _aPerulibros.
_923394
910 _aCatalogación por copia / LC
999 _c8951
_d8951